Piedra buena; caballero del mar /

Guardado en:
Autor Principal: Entraigas, Raúl A
Formato: Libro
Publicado: Buenos Aires : Secretar¡a de Estado de Marina, 1966
Materias:
Etiquetas: Agregar Etiqueta
Sin Etiquetas, Sea el primero en etiquetar este registro!
LEADER 00514nam a22001695a 4500
001 CEM.cems002268
005 20060216000000.0
008 130507s1966##################000#0#####d
003 CEMS
082 0 4 |a 923 
100 1 |a Entraigas, Raúl A 
245 1 0 |a Piedra buena; caballero del mar /  |c Raúl A Entraigas 
260 |a Buenos Aires :  |b Secretar¡a de Estado de Marina,  |c 1966 
300 |a 443 p. 
653 |a Biografias 
653 |a Piedra buena, luis-biograf. 
859 |a CEMS  |b BIB. CEMS - 11 de abril  |h 923  |i P712e  |p 9838.81  |t Ej.1